000 00290nam a22001217a 4500
050 _aHG 8835
_b.S36 1999
100 _aW.F.Scott
245 _aLife Assuarance Mathematics
260 _aAberdeen
_bUniversity of Aberdeen
_c1999
300 _a337p.
650 _bacturial mathematics
942 _cSL2
999 _c534
_d534